Statistics for Category - 100 words without A,B,C,D

Click here to take the quiz!

General Stats

  • This quiz has been taken 67 times
    (25 since last reset)
  • The average score is 61 of 100

Answer Stats

Answer% Correct
One
100%
Three
96%
Two
96%
Eight
91%
Eleven
91%
Five
91%
Four
91%
Nine
91%
Seven
91%
Six
91%
Ten
91%
Thirty
91%
Twelve
91%
Zero
91%
Fifty
83%
Fourteen
83%
Thirteen
83%
Sixty
78%
Twenty
78%
Eighty
74%
Ninety
74%
Seventy
74%
Fifteen
70%
Twenty-three
70%
Twenty-two
70%
Eighteen
65%
Forty
65%
Nineteen
65%
Seventeen
65%
Sixteen
65%
Twenty-one
65%
Twenty-five
61%
Twenty-four
61%
Twenty-six
61%
Forty-eight
57%
Forty-five
57%
Forty-four
57%
Forty-nine
57%
Forty-one
57%
Forty-seven
57%
Forty-six
57%
Forty-three
57%
Forty-two
57%
Twenty-eight
57%
Twenty-seven
57%
Eighty-eight
52%
Eighty-five
52%
Eighty-four
52%
Eighty-nine
52%
Eighty-one
52%
Eighty-seven
52%
Eighty-six
52%
Eighty-three
52%
Eighty-two
52%
Fifty-eight
52%
Fifty-five
52%
Fifty-four
52%
Fifty-nine
52%
Fifty-one
52%
Fifty-seven
52%
Fifty-six
52%
Fifty-three
52%
Fifty-two
52%
Ninety-five
52%
Ninety-one
52%
Ninety-seven
52%
Ninety-six
52%
Ninety-three
52%
Ninety-two
52%
Seventy-eight
52%
Seventy-five
52%
Seventy-four
52%
Seventy-nine
52%
Seventy-one
52%
Seventy-seven
52%
Seventy-six
52%
Seventy-three
52%
Seventy-two
52%
Sixty-eight
52%
Sixty-five
52%
Sixty-four
52%
Sixty-nine
52%
Sixty-one
52%
Sixty-seven
52%
Sixty-six
52%
Sixty-three
52%
Sixty-two
52%
Twenty-nine
52%
Ninety-eight
48%
Ninety-four
48%
Ninety-nine
48%
Thirty-eight
48%
Thirty-five
48%
Thirty-four
48%
Thirty-nine
48%
Thirty-one
48%
Thirty-seven
48%
Thirty-six
48%
Thirty-three
48%
Thirty-two
48%

Score Distribution

Percentile by Number Answered

Percent of People with Each Score

Your Score History

You have not taken this quiz since the last reset